000 00529nam a2200169 a 4500
001 000031175
005 20200930062743.0
008 110614s1987 dr cd 000 | spa d
040 _aDO-SdBNP
_bspa
_cBNPHU
082 _axxx
_bR789a
100 1 _aRosario, Fausto
_957650
245 1 0 _aAbriendo los caminos para la comunicación del pueblo /
_cFausto Rosario Adames.
260 _aSanto Domingo :
_bBúho,
_c1987.
300 _a37 p. :
_bretrs. diagr. ;
_c21 cm.
500 _aIncluye notas al pie de las páginas.
049 _aBNPD
999 _c30667
_d30667